000 00330 a2200145 4500
001 156973
040 _cEscola São Tomás de Aquino
100 _aCULTURA INGLESA
240 1 0 _aHats on top nursery
_lpor
245 1 0 _aHats on top nursery
300 _a26 f.
440 1 _aCultura Inglesa
697 _aInfantil 3
942 _cBK
999 _c156973
_d156973